| 000 | 00747nam a22002537a 4500 | ||
|---|---|---|---|
| 008 | 130911b xxu||||| |||| 00| 0 eng d | ||
| 020 | _a81-7808-252-7 | ||
| 024 | _cAvailable | ||
| 037 | _cAvailable | ||
| 040 |
_aMBSTU LIBRARY _dMBSTU LIBRARY |
||
| 082 |
_222 _a530.41 OME |
||
| 100 | _aOmar, M Ali. | ||
| 110 | _aWayne Beaty H. | ||
| 245 | _aElementary solid state physics. | ||
| 260 |
_aEngland. _bPearson Education _c2001 |
||
| 300 |
_a23 cm. _b669 page _f1 _g23 cm. |
||
| 600 | _2Solid state physics. | ||
| 650 | _2Solid state physics. | ||
| 700 | _aOmar, M Ali. | ||
| 270 |
_aEngland _bEngland _dEngland |
||
| 365 |
_b319.00 _d319.00 |
||
| 942 |
_2ddc _cBK |
||
| 999 |
_c670 _d670 |
||